书目信息 |
| 题名: |
神经元突触传递的细胞和分子生物学(神经生物学基本原理)
|
|
| 作者: | 盛祖杭 | |
| 分册: | ||
| 出版信息: | 上海 上海科学技术出版社 2008 |
|
| 页数: | 217 | |
| 开本: | 26cm | |
| 丛书名: | ||
| 单 册: | ||
| 中图分类: | Q42 | |
| 科图分类: | ||
| 主题词: | 神经生理学 | |
| 电子资源: | ||
| ISBN: | 7-5323-9514-9 | |
| 000 | 00645nam0 2200181 450 | |
| 001 | 1735846483 | |
| 005 | 20170410095726.48 | |
| 010 | @a7-5323-9514-9@d¥60.00 | |
| 100 | @a20170410d km y0chiy0120 ea | |
| 101 | 0 | @achi |
| 200 | 1 | @a神经元突触传递的细胞和分子生物学(神经生物学基本原理)@Ashen jing yuan tu chu chuan di de xi bao he fen zi sheng wu xue(shen jing sheng wu xue ji ben yuan li)@f盛祖杭@Fsheng zu hang |
| 210 | @a上海@c上海科学技术出版社@d2008 | |
| 215 | @a217@d26cm | |
| 606 | 0 | @a神经生理学 |
| 690 | @aQ42@v4 | |
| 701 | 0 | @a盛祖杭@Asheng zu hang |
| 801 | 0 | @aCN@b大连网信软件有限公司图书馆·11@c20170410 |
| 905 | @b6604497@dQ42@en3@f1 | |
| 神经元突触传递的细胞和分子生物学(神经生物学基本原理)/盛祖杭.-上海:上海科学技术出版社,2008 |
| 217;26cm |
| ISBN 7-5323-9514-9:¥60.00 |
| ● |
| 相关链接 |
|
|
|
|
正题名:神经元突触传递的细胞和分子生物学(神经生物学基本原理)
索取号:Q42/n3
 
预约/预借
| 序号 | 登录号 | 条形码 | 馆藏地/架位号 | 状态 | 备注 |
| 1 | 6604497 | 266044979 | 密集书库-生命科学系/ [索取号:Q42/n3] | 在馆 |